Team Namibia membership Directory 2009/2010.

Bibliographic Details
Format: Book
Published: Windhoek: Team Namibia, 2010.
Subjects:
LEADER 00407cam a2200133 7i4500
001 0000026296
005 20110523090000.0
090 0 0 |a NAMB 338.7025   |b TEA 
245 0 0 |a Team Namibia membership Directory 2009/2010. 
260 0 0 |a Windhoek:   |b Team Namibia,   |c 2010. 
300 # # |a 72p. 
650 0 0 |a Business --   |x Directories --   |z Namibia  
651 0 0 |a Namibia  
999 |a 0000027743  |b Directories  |c Countries  |e Business Information Centre